| 000 | 00407nam a22001577a 4500 | ||
|---|---|---|---|
| 003 | OSt | ||
| 005 | 20220822094409.0 | ||
| 008 | 220822b |||||||| |||| 00| 0 eng d | ||
| 040 | _cIFM Library | ||
| 082 | _a658.8 | ||
| 100 |
_aN.A.Saleemi & E.K. Njoroge _96447 |
||
| 245 | _aMarketing Simplified | ||
| 260 |
_aNairobi _bN,A. Saleemi Publisher _c1997 |
||
| 300 |
_a487pg.: _bill.19cm. |
||
| 942 |
_cBK _2ddc _n0 |
||
| 999 |
_c18916 _d18916 |
||